| 000 | 00397nam a2200157Ia 4500 | ||
|---|---|---|---|
| 008 | 230711s9999||||xx |||||||||||||| ||und|| | ||
| 041 | _aENG | ||
| 082 |
_a624 _bMO-C |
||
| 100 | _aMoffa E.Peter | ||
| 245 | 0 | _aControl and treatment of combined sewer overflows | |
| 250 | _a1st | ||
| 260 |
_c1990 _aNew York _bVan Nostrand Reinhold Co. |
||
| 300 | _a221 | ||
| 650 | _aCivil Engineering | ||
| 942 | _cBK | ||
| 999 |
_c770 _d770 |
||